Cities by description- Europe - Statistics

General Stats
  • This quiz has been taken 13 times
  • The average score is 12 of 20
Answer Stats
Hint City % Correct
7) Largest city in Tuscany Florence
100%
15) The international conventions on humanitarian laware held at this western Swiss city Geneva
100%
3) Costal Croatian city with historic walls builtduring Roman times Dubrovnik
92%
14) 2nd largest city in Portugal after Lisbon Porto
92%
12) 2nd largest city in Greece Thessaloniki
92%
1) This port city constructed the ill fated Titanic Belfast
83%
17) Iconic white cliffs can be seen at this coastalUK city across from France Dover
83%
13) The northernmost and coldest megacity in Europe Moscow
83%
16) Christopher Columbus hailed from this Italian city Genoa
75%
18) Major Irish city, also a term for a joke/riddle Limerick
75%
2) Home to the International Court of Justice The Hague
75%
19) Historic Polish city in the Lower Silesian voivodeship,on the Oder River Wroclaw
67%
11) Historic walled city in the north of England foundedby the Romans York
50%
10) Danish city in the Jutland region, the 4th biggest Aalborg
33%
5) 2nd largest city in Finland in the west of Helsinki Espoo
33%
8) This Alpine village is nestled in the foothills ofthe Matterhorn Zermatt
33%
6) Largest inhabited town on Svalbard Longyearbyen
17%
9) Historic city on the Andalusia coast of Spain, popularwith nightclubs and beaches Marbella
17%
4) The Roman amphitheater of Philippopolis is a historic attraction in this city Plovdiv
17%
20) Car giant Peugeot has its largest plant in this French city Sochaux
0%
No matching quizzes found
Score Distribution
Percent of People with Each Score
Percentile by Number Answered
Your Score History
You have not taken this quiz